01834nam a2200289uu 4500001000800000005001700008007001000025008004100035035001200076040001300088041000800101080000600109100003800115245010000153260003900253300001300292520095600305650003301261650003301294650003001327650003401357700004301391700005001434700004301484502001001527526000701537151612720260508093313.0co|||||||190130s2018 spa  a1516127 ccomduadb aspa aB10aQuiroz Gómez, Valeria4auteaut10aDeterminantes del riesgo de la corrupción en Colombia : un análisis departamental para 2016 aMedellín :bAutores (as),c2018. a1 CD-ROM3 aResumen : El presente estudio propone analizar los determinantes del riesgo de corrupción departamental en Colombia para 2016, por medio de un modelo Logit Multinomial ordenado. Para ello se utiliza un índice como aproximación al riesgo de corrupción: el Índice de Transparencia Departamental, que está dividido ordenadamente por categorías (bajo, moderado, medio, alto y muy alto). Cabe destacar que ningún departamento de Colombia se encuentra en el nivel bajo. Además, se estudian variables que pueden afectar la probabilidad de que un departamento aumente su nivel de riesgo de corrupción, como lo son: la educación, el producto interno bruto departamental, pobreza monetaria, el tamaño del Estado y las regalías que recibe cada departamento. En conclusión, aunque el fenómeno de la corrupción esté presente en todos los departamentos, mayor pobreza monetaria aumentaría el riesgo de corrupción departamental. 7aCorrupciónzColombia2lemb aTransparencia en el gobierno aÍndice de transparencia 7aModelos econométricos2Lemb10aArroyo Perea, Miguel Darío4auteaut10aCeballos Gómez , Cristian Augusto4auteaut10aGallego Duque, Liliana Maria4thseths b62c9 a62